[Event "DEM U16 2024"]
[Site "Willingen GER"]
[Date "2024.05.19"]
[Round "1"]
[White "von Mettenheim, Johannes"]
[Black "Helms, Finn"]
[Result "1-0"]
[Termination "normal"]
[Board "1"]
[WhiteElo "2293"]
[BlackElo "2044"]
[WhiteClock "00:07:54"]
[BlackClock "00:00:56"]
[PlyCount "52"]
[WhiteFideId "16244818"]
[BlackFideId "16249143"]
[EventCountry "GER"]
[EventRounds "9"]
[EventType "swiss"]
[EventDate "2024.05.18"]

1. d4 {[%clk 01:30:57]} {[%emt 00:00:02]} Nf6 {[%clk 01:30:54]} {[%emt
00:00:06]} 2. Nf3 {[%clk 01:31:25]} {[%emt 00:00:03]} e6 {[%clk 01:31:00]}
{[%emt 00:00:24]} 3. e3 {[%clk 01:31:50]} {[%emt 00:00:05]} d5 {[%clk
01:28:32]} {[%emt 00:02:57]} 4. b3 {[%clk 01:32:16]} {[%emt 00:00:05]} b6
{[%clk 01:22:51]} {[%emt 00:06:12]} 5. Bb2 {[%clk 01:32:33]} {[%emt 00:00:12]}
Be7 {[%clk 01:20:30]} {[%emt 00:02:50]} 6. Bd3 {[%clk 01:30:39]} {[%emt
00:02:24]} Ba6 {[%clk 01:19:21]} {[%emt 00:01:39]} 7. c4 {[%clk 01:26:21]}
{[%emt 00:04:49]} O-O {[%clk 01:16:40]} {[%emt 00:03:10]} 8. O-O {[%clk
01:26:22]} {[%emt 00:00:29]} c5 {[%clk 01:08:58]} {[%emt 00:08:11]} 9. Ne5
{[%clk 01:21:31]} {[%emt 00:05:22]} Qc7 {[%clk 01:03:47]} {[%emt 00:05:41]} 10.
Nd2 {[%clk 01:11:22]} {[%emt 00:10:39]} Nbd7 {[%clk 00:56:43]} {[%emt
00:07:34]} 11. f4 {[%clk 01:10:45]} {[%emt 00:01:07]} cxd4 {[%clk 00:52:29]}
{[%emt 00:04:45]} 12. exd4 {[%clk 01:11:08]} {[%emt 00:00:07]} dxc4 {[%clk
00:51:35]} {[%emt 00:01:23]} 13. bxc4 {[%clk 01:11:08]} {[%emt 00:00:30]} Bb7
{[%clk 00:48:42]} {[%emt 00:03:22]} 14. Qe2 {[%clk 01:08:20]} {[%emt 00:03:19]}
g6 {[%clk 00:39:52]} {[%emt 00:09:20]} 15. Ndf3 {[%clk 00:51:36]} {[%emt
00:17:14]} a6 {[%clk 00:32:14]} {[%emt 00:08:09]} 16. Ng5 {[%clk 00:42:36]}
{[%emt 00:09:29]} Rab8 {[%clk 00:27:59]} {[%emt 00:04:45]} 17. Rae1 {[%clk
00:36:04]} {[%emt 00:07:02]} Rbe8 {[%clk 00:24:29]} {[%emt 00:04:01]} 18. Qe3
{[%clk 00:17:01]} {[%emt 00:19:32]} Bb4 {[%clk 00:20:36]} {[%emt 00:04:23]} 19.
Rd1 {[%clk 00:14:36]} {[%emt 00:02:55]} Rd8 {[%clk 00:17:14]} {[%emt 00:03:52]}
20. Qh3 {[%clk 00:14:08]} {[%emt 00:00:57]} Qd6 {[%clk 00:01:22]} {[%emt
00:16:23]} 21. d5 {[%clk 00:13:35]} {[%emt 00:01:03]} Bc5+ {[%clk 00:00:49]}
{[%emt 00:01:02]} 22. Kh1 {[%clk 00:13:57]} {[%emt 00:00:09]} Nh5 {[%clk
00:00:39]} {[%emt 00:00:41]} 23. dxe6 {[%clk 00:08:14]} {[%emt 00:06:12]} fxe6
{[%clk 00:00:46]} {[%emt 00:00:23]} 24. Bxg6 {[%clk 00:07:08]} {[%emt
00:01:36]} hxg6 {[%clk 00:00:36]} {[%emt 00:00:40]} 25. Rxd6 {[%clk 00:07:32]}
{[%emt 00:00:06]} Bxd6 {[%clk 00:00:56]} {[%emt 00:00:09]} 26. Qxe6+ {[%clk
00:07:54]} {[%emt 00:00:08]} 1-0

[Event "DEM U16 2024"]
[Site "Willingen GER"]
[Date "2024.05.19"]
[Round "1"]
[White "Karle, Sam"]
[Black "Möller, Maurin"]
[Result "0-1"]
[Termination "normal"]
[Board "2"]
[WhiteElo "2070"]
[BlackElo "2193"]
[WhiteClock "00:00:31"]
[BlackClock "00:07:18"]
[PlyCount "68"]
[WhiteFideId "16290089"]
[BlackFideId "16265696"]
[EventCountry "GER"]
[EventRounds "9"]
[EventType "swiss"]
[EventDate "2024.05.18"]

1. e4 {[%clk 01:30:56]} {[%emt 00:00:04]} c5 {[%clk 01:30:42]} {[%emt
00:00:19]} 2. Nf3 {[%clk 01:31:19]} {[%emt 00:00:07]} Nc6 {[%clk 01:31:00]}
{[%emt 00:00:11]} 3. d4 {[%clk 01:31:41]} {[%emt 00:00:08]} cxd4 {[%clk
01:31:23]} {[%emt 00:00:07]} 4. Nxd4 {[%clk 01:32:05]} {[%emt 00:00:06]} g6
{[%clk 01:31:29]} {[%emt 00:00:23]} 5. Nc3 {[%clk 01:32:02]} {[%emt 00:00:33]}
Bg7 {[%clk 01:31:45]} {[%emt 00:00:15]} 6. Be3 {[%clk 01:32:19]} {[%emt
00:00:13]} Nf6 {[%clk 01:31:42]} {[%emt 00:00:33]} 7. Bc4 {[%clk 01:32:38]}
{[%emt 00:00:10]} O-O {[%clk 01:27:44]} {[%emt 00:04:28]} 8. Bb3 {[%clk
01:32:56]} {[%emt 00:00:13]} d6 {[%clk 01:13:57]} {[%emt 00:14:17]} 9. f3
{[%clk 01:31:42]} {[%emt 00:01:43]} Na5 {[%clk 01:08:53]} {[%emt 00:05:35]} 10.
Qd2 {[%clk 01:24:45]} {[%emt 00:07:27]} Bd7 {[%clk 01:07:46]} {[%emt 00:01:37]}
11. O-O-O {[%clk 01:11:47]} {[%emt 00:13:27]} b5 {[%clk 01:04:01]} {[%emt
00:04:16]} 12. Ndxb5 {[%clk 00:51:59]} {[%emt 00:20:18]} a6 {[%clk 00:51:53]}
{[%emt 00:12:39]} 13. Nd4 {[%clk 00:48:36]} {[%emt 00:03:52]} Rc8 {[%clk
00:50:51]} {[%emt 00:01:32]} 14. Bh6 {[%clk 00:44:50]} {[%emt 00:04:14]} Nc4
{[%clk 00:48:23]} {[%emt 00:03:00]} 15. Bxc4 {[%clk 00:40:26]} {[%emt
00:04:54]} Rxc4 {[%clk 00:48:15]} {[%emt 00:00:37]} 16. Bxg7 {[%clk 00:40:46]}
{[%emt 00:00:11]} Kxg7 {[%clk 00:48:37]} {[%emt 00:00:07]} 17. h4 {[%clk
00:34:47]} {[%emt 00:06:29]} h5 {[%clk 00:39:21]} {[%emt 00:09:46]} 18. Rhe1
{[%clk 00:29:43]} {[%emt 00:05:35]} Qa5 {[%clk 00:38:22]} {[%emt 00:01:29]} 19.
Nb3 {[%clk 00:29:22]} {[%emt 00:00:50]} Qc7 {[%clk 00:38:05]} {[%emt 00:00:47]}
20. Qd3 {[%clk 00:24:42]} {[%emt 00:05:11]} Rc8 {[%clk 00:35:33]} {[%emt
00:03:02]} 21. Rd2 {[%clk 00:19:38]} {[%emt 00:05:34]} a5 {[%clk 00:34:02]}
{[%emt 00:02:01]} 22. f4 {[%clk 00:17:53]} {[%emt 00:02:15]} a4 {[%clk
00:23:07]} {[%emt 00:11:25]} 23. e5 {[%clk 00:14:50]} {[%emt 00:03:33]} Ng4
{[%clk 00:23:12]} {[%emt 00:00:25]} 24. exd6 {[%clk 00:14:05]} {[%emt
00:01:15]} exd6 {[%clk 00:23:33]} {[%emt 00:00:09]} 25. Nd4 {[%clk 00:06:41]}
{[%emt 00:07:54]} a3 {[%clk 00:22:13]} {[%emt 00:01:50]} 26. Ncb5 {[%clk
00:05:46]} {[%emt 00:01:25]} axb2+ {[%clk 00:19:27]} {[%emt 00:03:16]} 27. Kb1
{[%clk 00:06:14]} Qa5 {[%clk 00:17:20]} {[%emt 00:02:37]} 28. Nxd6 {[%clk
00:04:37]} {[%emt 00:02:07]} Rc3 {[%clk 00:16:39]} {[%emt 00:01:11]} 29. N4f5+
{[%clk 00:01:17]} {[%emt 00:03:50]} Bxf5 {[%clk 00:16:47]} {[%emt 00:00:23]}
30. Qd4+ {[%clk 00:01:46]} Nf6 {[%clk 00:12:03]} {[%emt 00:05:14]} 31. Nxc8
{[%clk 00:01:50]} {[%emt 00:00:27]} Rxc8 {[%clk 00:11:29]} {[%emt 00:01:02]}
32. Re5 {[%clk 00:01:41]} {[%emt 00:00:39]} Qa6 {[%clk 00:09:56]} {[%emt
00:02:04]} 33. Ree2 {[%clk 00:00:33]} {[%emt 00:01:38]} Rxc2 {[%clk 00:07:03]}
{[%emt 00:03:23]} 34. Rf2 {[%clk 00:00:31]} {[%emt 00:00:32]} Rxd2+ {[%clk
00:07:18]} {[%emt 00:00:15]} 0-1

[Event "DEM U16 2024"]
[Site "Willingen GER"]
[Date "2024.05.19"]
[Round "1"]
[White "Lübke, Florentin"]
[Black "Lutze, Max"]
[Result "0-1"]
[Termination "normal"]
[Board "3"]
[WhiteElo "2207"]
[BlackElo "2054"]
[WhiteClock "00:00:57"]
[BlackClock "00:01:30"]
[PlyCount "82"]
[WhiteFideId "16281799"]
[BlackFideId "34614850"]
[EventCountry "GER"]
[EventRounds "9"]
[EventType "swiss"]
[EventDate "2024.05.18"]

1. e4 {[%clk 01:30:57]} {[%emt 00:00:03]} c5 {[%clk 01:30:51]} {[%emt
00:00:09]} 2. Nf3 {[%clk 01:31:21]} {[%emt 00:00:06]} g6 {[%clk 01:31:15]}
{[%emt 00:00:06]} 3. Bc4 {[%clk 01:31:08]} {[%emt 00:00:43]} Bg7 {[%clk
01:31:25]} {[%emt 00:00:20]} 4. O-O {[%clk 01:31:12]} {[%emt 00:00:26]} e6
{[%clk 01:29:31]} {[%emt 00:02:25]} 5. Re1 {[%clk 01:23:19]} {[%emt 00:08:22]}
Ne7 {[%clk 01:29:19]} {[%emt 00:00:42]} 6. d4 {[%clk 01:19:09]} {[%emt
00:04:40]} cxd4 {[%clk 01:23:17]} {[%emt 00:06:32]} 7. Nxd4 {[%clk 01:19:24]}
{[%emt 00:00:14]} O-O {[%clk 01:19:47]} {[%emt 00:04:01]} 8. Nc3 {[%clk
01:15:57]} {[%emt 00:03:57]} a6 {[%clk 01:11:37]} {[%emt 00:08:40]} 9. a4
{[%clk 01:14:58]} {[%emt 00:01:29]} b6 {[%clk 01:01:36]} {[%emt 00:10:31]} 10.
Bg5 {[%clk 01:11:07]} {[%emt 00:04:21]} h6 {[%clk 00:48:46]} {[%emt 00:13:20]}
11. Bh4 {[%clk 01:06:04]} {[%emt 00:05:33]} Bb7 {[%clk 00:48:31]} {[%emt
00:00:45]} 12. f4 {[%clk 00:50:58]} {[%emt 00:15:36]} Qc7 {[%clk 00:27:20]}
{[%emt 00:21:42]} 13. Bb3 {[%clk 00:46:12]} {[%emt 00:05:15]} Nbc6 {[%clk
00:25:03]} {[%emt 00:02:47]} 14. Nf3 {[%clk 00:35:41]} {[%emt 00:11:01]} d5
{[%clk 00:15:49]} {[%emt 00:09:45]} 15. exd5 {[%clk 00:33:44]} {[%emt
00:02:27]} exd5 {[%clk 00:15:33]} {[%emt 00:00:45]} 16. Qd2 {[%clk 00:30:19]}
{[%emt 00:03:55]} d4 {[%clk 00:12:23]} {[%emt 00:03:40]} 17. Ne4 {[%clk
00:30:14]} {[%emt 00:00:34]} Nf5 {[%clk 00:12:48]} {[%emt 00:00:06]} 18. Nf6+
{[%clk 00:29:58]} {[%emt 00:00:46]} Kh8 {[%clk 00:13:01]} {[%emt 00:00:17]} 19.
Nd5 {[%clk 00:30:12]} {[%emt 00:00:15]} Qd6 {[%clk 00:13:19]} {[%emt 00:00:11]}
20. Nxb6 {[%clk 00:26:55]} {[%emt 00:03:48]} Nxh4 {[%clk 00:13:11]} {[%emt
00:00:39]} 21. Nxh4 {[%clk 00:26:33]} {[%emt 00:00:53]} Rad8 {[%clk 00:12:09]}
{[%emt 00:01:30]} 22. Nc4 {[%clk 00:25:27]} {[%emt 00:01:36]} Qc5 {[%clk
00:12:31]} {[%emt 00:00:09]} 23. Nf3 {[%clk 00:23:58]} {[%emt 00:01:59]} d3+
{[%clk 00:08:01]} {[%emt 00:05:01]} 24. Qf2 {[%clk 00:21:08]} {[%emt 00:03:19]}
Nd4 {[%clk 00:07:55]} {[%emt 00:00:35]} 25. Nfe5 {[%clk 00:12:53]} {[%emt
00:08:46]} Ne2+ {[%clk 00:04:04]} {[%emt 00:04:21]} 26. Rxe2 {[%clk 00:09:02]}
{[%emt 00:04:21]} dxe2 {[%clk 00:04:27]} {[%emt 00:00:07]} 27. Re1 {[%clk
00:08:52]} {[%emt 00:00:40]} Qc7 {[%clk 00:01:12]} {[%emt 00:03:45]} 28. Qxe2
{[%clk 00:08:38]} {[%emt 00:00:43]} Bd5 {[%clk 00:01:31]} {[%emt 00:00:12]} 29.
Nd2 {[%clk 00:05:21]} {[%emt 00:03:46]} Bxb3 {[%clk 00:01:07]} {[%emt
00:00:56]} 30. Nxb3 {[%clk 00:05:45]} {[%emt 00:00:05]} Qb7 {[%clk 00:01:07]}
{[%emt 00:00:30]} 31. a5 {[%clk 00:03:43]} {[%emt 00:02:33]} Kg8 {[%clk
00:01:03]} {[%emt 00:00:33]} 32. Nd3 {[%clk 00:02:51]} {[%emt 00:01:22]} Qb5
{[%clk 00:00:52]} {[%emt 00:00:41]} 33. Ndc5 {[%clk 00:01:38]} {[%emt
00:01:42]} Bd4+ {[%clk 00:01:00]} {[%emt 00:00:23]} 34. Kf1 {[%clk 00:00:56]}
{[%emt 00:01:12]} Qxe2+ {[%clk 00:00:39]} {[%emt 00:00:51]} 35. Rxe2 {[%clk
00:01:17]} {[%emt 00:00:09]} Bxb2 {[%clk 00:01:02]} {[%emt 00:00:07]} 36. Nxa6
{[%clk 00:01:13]} {[%emt 00:00:34]} Rd1+ {[%clk 00:01:10]} {[%emt 00:00:22]}
37. Kf2 {[%clk 00:01:31]} {[%emt 00:00:12]} Bd4+ {[%clk 00:01:33]} {[%emt
00:00:07]} 38. Kg3 {[%clk 00:01:30]} {[%emt 00:00:30]} Rc8 {[%clk 00:00:54]}
{[%emt 00:01:10]} 39. Nb4 {[%clk 00:00:38]} {[%emt 00:01:21]} Rc3+ {[%clk
00:01:17]} {[%emt 00:00:07]} 40. Kg4 {[%clk 00:00:32]} {[%emt 00:00:37]} f5+
{[%clk 00:01:30]} {[%emt 00:00:17]} 41. Kh4 {[%clk 00:00:57]} {[%emt 00:00:05]}
Bf6# 0-1

[Event "DEM U16 2024"]
[Site "Willingen GER"]
[Date "2024.05.19"]
[Round "1"]
[White "Windmüller, Simon"]
[Black "Klaska, Philipp Leon"]
[Result "0-1"]
[Termination "normal"]
[Board "4"]
[WhiteElo "2041"]
[BlackElo "2142"]
[WhiteClock "00:08:57"]
[BlackClock "00:08:00"]
[PlyCount "124"]
[WhiteFideId "16274032"]
[BlackFideId "16238044"]
[EventCountry "GER"]
[EventRounds "9"]
[EventType "swiss"]
[EventDate "2024.05.18"]

1. Nf3 {[%clk 01:30:56]} {[%emt 00:00:03]} Nf6 {[%clk 01:30:42]} {[%emt
00:00:19]} 2. g3 {[%clk 01:31:06]} {[%emt 00:00:20]} b6 {[%clk 01:27:15]}
{[%emt 00:03:58]} 3. Bg2 {[%clk 01:29:55]} {[%emt 00:01:40]} Bb7 {[%clk
01:27:26]} {[%emt 00:00:20]} 4. c4 {[%clk 01:29:07]} {[%emt 00:01:16]} g6
{[%clk 01:21:13]} {[%emt 00:06:45]} 5. d4 {[%clk 01:25:25]} {[%emt 00:04:11]}
Bg7 {[%clk 01:20:45]} {[%emt 00:00:58]} 6. O-O {[%clk 01:25:30]} {[%emt
00:00:24]} O-O {[%clk 01:18:35]} {[%emt 00:02:41]} 7. Re1 {[%clk 01:23:09]}
{[%emt 00:02:51]} e6 {[%clk 01:08:00]} {[%emt 00:11:05]} 8. Nc3 {[%clk
01:17:37]} {[%emt 00:06:00]} Ne4 {[%clk 01:04:40]} {[%emt 00:03:52]} 9. Qd3
{[%clk 01:14:52]} {[%emt 00:03:15]} Nxc3 {[%clk 00:56:37]} {[%emt 00:08:33]}
10. bxc3 {[%clk 01:14:49]} {[%emt 00:00:33]} d6 {[%clk 00:55:56]} {[%emt
00:01:11]} 11. a4 {[%clk 01:07:06]} {[%emt 00:08:13]} Nc6 {[%clk 00:54:07]}
{[%emt 00:02:19]} 12. Nd2 {[%clk 01:06:34]} {[%emt 00:01:02]} Qd7 {[%clk
00:49:49]} {[%emt 00:04:48]} 13. Nb3 {[%clk 00:44:34]} {[%emt 00:22:29]} a5
{[%clk 00:43:36]} {[%emt 00:06:44]} 14. e4 {[%clk 00:41:14]} {[%emt 00:03:50]}
e5 {[%clk 00:36:58]} {[%emt 00:07:08]} 15. d5 {[%clk 00:41:00]} {[%emt
00:00:44]} Ne7 {[%clk 00:25:51]} {[%emt 00:11:37]} 16. f4 {[%clk 00:33:23]}
{[%emt 00:08:07]} Rae8 {[%clk 00:23:38]} {[%emt 00:02:43]} 17. fxe5 {[%clk
00:32:22]} {[%emt 00:01:32]} Bxe5 {[%clk 00:23:19]} {[%emt 00:00:49]} 18. Bh6
{[%clk 00:32:32]} {[%emt 00:00:19]} Bg7 {[%clk 00:21:18]} {[%emt 00:02:31]} 19.
Bxg7 {[%clk 00:32:50]} {[%emt 00:00:12]} Kxg7 {[%clk 00:21:46]} {[%emt
00:00:02]} 20. Nd4 {[%clk 00:33:08]} {[%emt 00:00:12]} Ng8 {[%clk 00:15:37]}
{[%emt 00:06:40]} 21. Rf1 {[%clk 00:27:58]} {[%emt 00:05:39]} Nf6 {[%clk
00:11:31]} {[%emt 00:04:36]} 22. h3 {[%clk 00:25:22]} {[%emt 00:03:07]} Qe7
{[%clk 00:11:21]} {[%emt 00:00:40]} 23. Ra2 {[%clk 00:25:01]} {[%emt 00:00:50]}
Nd7 {[%clk 00:10:32]} {[%emt 00:01:15]} 24. Raf2 {[%clk 00:18:52]} {[%emt
00:06:42]} Ne5 {[%clk 00:11:01]} {[%emt 00:00:02]} 25. Qe2 {[%clk 00:18:56]}
{[%emt 00:00:26]} Ba6 {[%clk 00:10:16]} {[%emt 00:01:16]} 26. Nb5 {[%clk
00:19:06]} {[%emt 00:00:19]} Bxb5 {[%clk 00:09:18]} {[%emt 00:01:29]} 27. cxb5
{[%clk 00:19:35]} Nd7 {[%clk 00:08:22]} {[%emt 00:01:24]} 28. Rf4 {[%clk
00:14:42]} {[%emt 00:05:23]} Nc5 {[%clk 00:07:20]} {[%emt 00:01:32]} 29. Qc4
{[%clk 00:12:31]} {[%emt 00:02:43]} Qe5 {[%clk 00:07:04]} {[%emt 00:00:45]} 30.
h4 {[%clk 00:12:34]} {[%emt 00:00:27]} f6 {[%clk 00:05:22]} {[%emt 00:02:13]}
31. Kh2 {[%clk 00:12:01]} {[%emt 00:01:02]} Qe7 {[%clk 00:04:51]} {[%emt
00:01:00]} 32. Qd4 {[%clk 00:10:41]} {[%emt 00:01:51]} Qd8 {[%clk 00:04:09]}
{[%emt 00:01:09]} 33. h5 {[%clk 00:08:35]} {[%emt 00:02:40]} Re5 {[%clk
00:04:00]} {[%emt 00:00:34]} 34. hxg6 {[%clk 00:06:02]} hxg6 {[%clk 00:04:30]}
35. R1f3 {[%clk 00:06:06]} {[%emt 00:00:26]} Qe7 {[%clk 00:04:31]} {[%emt
00:00:28]} 36. Re3 {[%clk 00:05:58]} {[%emt 00:00:39]} Rg5 {[%clk 00:03:59]}
{[%emt 00:01:00]} 37. Ref3 {[%clk 00:06:10]} {[%emt 00:00:20]} Qe5 {[%clk
00:03:23]} {[%emt 00:01:06]} 38. Rh4 {[%clk 00:05:02]} {[%emt 00:01:38]} Rh5
{[%clk 00:02:34]} {[%emt 00:01:19]} 39. Rxh5 {[%clk 00:02:35]} {[%emt
00:02:57]} Qxh5+ {[%emt 00:00:20]} 40. Kg1 Qe5 {[%clk 00:02:29]} {[%emt
00:00:43]} 41. Re3 {[%clk 00:01:22]} {[%emt 00:02:15]} Rh8 {[%clk 00:27:03]}
{[%emt 00:05:54]} 42. Qd1 {[%clk 00:25:16]} {[%emt 00:06:38]} Rh5 {[%clk
00:22:56]} {[%emt 00:04:31]} 43. Qg4 {[%clk 00:22:52]} {[%emt 00:03:00]} Qe8
{[%clk 00:16:25]} {[%emt 00:07:00]} 44. Qd1 {[%clk 00:22:04]} {[%emt 00:01:19]}
Re5 {[%clk 00:12:32]} {[%emt 00:04:23]} 45. Qd4 {[%clk 00:21:51]} {[%emt
00:00:42]} Qh8 {[%clk 00:12:48]} {[%emt 00:00:14]} 46. Kf2 {[%clk 00:20:00]}
{[%emt 00:02:22]} Qh6 {[%clk 00:12:58]} {[%emt 00:00:19]} 47. Re1 {[%clk
00:19:17]} {[%emt 00:01:14]} Qg5 {[%clk 00:10:37]} {[%emt 00:02:50]} 48. Bf3
{[%clk 00:19:14]} {[%emt 00:00:33]} Re7 {[%clk 00:09:06]} {[%emt 00:02:00]} 49.
Rh1 {[%clk 00:19:11]} {[%emt 00:00:34]} Nb3 {[%clk 00:07:17]} {[%emt 00:02:17]}
50. Qd3 {[%clk 00:17:24]} {[%emt 00:02:20]} Qd2+ {[%clk 00:06:52]} {[%emt
00:00:53]} 51. Qxd2 {[%clk 00:17:53]} {[%emt 00:00:03]} Nxd2 {[%clk 00:07:21]}
{[%emt 00:00:02]} 52. Re1 {[%clk 00:10:51]} {[%emt 00:07:31]} f5 {[%clk
00:07:04]} {[%emt 00:00:48]} 53. Re2 {[%clk 00:11:10]} {[%emt 00:00:11]} fxe4
{[%clk 00:07:27]} {[%emt 00:00:06]} 54. Bg4 {[%clk 00:10:58]} {[%emt 00:00:41]}
Nb3 {[%clk 00:06:39]} {[%emt 00:01:14]} 55. Ke3 {[%clk 00:10:05]} {[%emt
00:01:28]} Nc5 {[%clk 00:06:58]} {[%emt 00:00:09]} 56. Kd4 {[%clk 00:10:23]}
{[%emt 00:00:13]} Nxa4 {[%clk 00:07:04]} {[%emt 00:00:25]} 57. c4 {[%clk
00:07:39]} {[%emt 00:03:14]} Nc5 {[%clk 00:07:22]} {[%emt 00:00:11]} 58. Re3
{[%clk 00:08:00]} {[%emt 00:00:10]} Rf7 {[%clk 00:07:35]} {[%emt 00:00:17]} 59.
Be2 {[%clk 00:08:13]} {[%emt 00:00:16]} Rf2 {[%clk 00:07:46]} {[%emt 00:00:19]}
60. g4 {[%clk 00:08:36]} {[%emt 00:00:08]} g5 {[%clk 00:07:55]} {[%emt
00:00:21]} 61. Kc3 {[%clk 00:08:42]} {[%emt 00:00:23]} Kf6 {[%clk 00:07:44]}
{[%emt 00:00:40]} 62. Kd4 {[%clk 00:08:57]} {[%emt 00:00:16]} a4 {[%clk
00:08:00]} {[%emt 00:00:14]} 0-1

[Event "DEM U16 2024"]
[Site "Willingen GER"]
[Date "2024.05.19"]
[Round "1"]
[White "Hoppstädter, Daniel"]
[Black "Haubold, Christian"]
[Result "1-0"]
[Termination "normal"]
[Board "5"]
[WhiteElo "2155"]
[BlackElo "2051"]
[WhiteClock "00:25:11"]
[BlackClock "00:15:18"]
[PlyCount "95"]
[WhiteFideId "16243625"]
[BlackFideId "16259629"]
[EventCountry "GER"]
[EventRounds "9"]
[EventType "swiss"]
[EventDate "2024.05.18"]

1. d4 {[%clk 01:30:55]} {[%emt 00:00:04]} Nf6 {[%clk 01:30:53]} {[%emt
00:00:07]} 2. c4 {[%clk 01:31:20]} {[%emt 00:00:05]} g6 {[%clk 01:31:16]}
{[%emt 00:00:08]} 3. Nc3 {[%clk 01:31:46]} {[%emt 00:00:04]} Bg7 {[%clk
01:31:39]} {[%emt 00:00:06]} 4. e4 {[%clk 01:32:12]} {[%emt 00:00:05]} d6
{[%clk 01:32:05]} {[%emt 00:00:05]} 5. Nf3 {[%clk 01:32:35]} {[%emt 00:00:06]}
O-O {[%clk 01:31:48]} {[%emt 00:00:46]} 6. Be2 {[%clk 01:32:59]} {[%emt
00:00:06]} e5 {[%clk 01:28:36]} {[%emt 00:03:42]} 7. d5 {[%clk 01:33:16]}
{[%emt 00:00:13]} Na6 {[%clk 01:26:47]} {[%emt 00:02:19]} 8. h3 {[%clk
01:29:11]} {[%emt 00:04:34]} Nc5 {[%clk 01:22:01]} {[%emt 00:05:17]} 9. Qc2
{[%clk 01:26:55]} {[%emt 00:02:45]} Ne8 {[%clk 01:07:11]} {[%emt 00:15:19]} 10.
g4 {[%clk 01:01:34]} {[%emt 00:25:52]} h6 {[%clk 00:54:08]} {[%emt 00:13:34]}
11. Rg1 {[%clk 00:47:42]} {[%emt 00:14:21]} Kh8 {[%clk 00:47:06]} {[%emt
00:07:33]} 12. g5 {[%clk 00:33:23]} {[%emt 00:14:49]} h5 {[%clk 00:44:16]}
{[%emt 00:03:19]} 13. Rg3 {[%clk 00:31:38]} {[%emt 00:02:14]} a5 {[%clk
00:41:39]} {[%emt 00:03:07]} 14. Be3 {[%clk 00:31:44]} {[%emt 00:00:24]} Bd7
{[%clk 00:34:57]} {[%emt 00:07:13]} 15. O-O-O {[%clk 00:31:19]} {[%emt
00:00:56]} a4 {[%clk 00:33:00]} {[%emt 00:02:27]} 16. Kb1 {[%clk 00:28:22]}
{[%emt 00:03:26]} a3 {[%clk 00:30:53]} {[%emt 00:02:37]} 17. b3 {[%clk
00:28:39]} {[%emt 00:00:13]} Kg8 {[%clk 00:28:48]} {[%emt 00:02:35]} 18. Nh4
{[%clk 00:26:12]} {[%emt 00:02:57]} Qc8 {[%clk 00:14:21]} {[%emt 00:14:57]} 19.
Rdg1 {[%clk 00:24:44]} {[%emt 00:01:58]} Bh8 {[%clk 00:11:13]} {[%emt
00:03:39]} 20. Qd1 {[%clk 00:23:20]} {[%emt 00:01:54]} Ng7 {[%clk 00:10:56]}
{[%emt 00:00:47]} 21. Bxc5 {[%clk 00:23:21]} {[%emt 00:00:29]} dxc5 {[%clk
00:11:18]} {[%emt 00:00:08]} 22. Nf3 {[%clk 00:19:45]} {[%emt 00:04:06]} Re8
{[%clk 00:09:13]} {[%emt 00:02:36]} 23. Ne1 {[%clk 00:18:00]} {[%emt 00:02:15]}
b6 {[%clk 00:08:02]} {[%emt 00:01:42]} 24. Nc2 {[%clk 00:14:21]} {[%emt
00:04:08]} Rd8 {[%clk 00:05:39]} {[%emt 00:02:53]} 25. h4 {[%clk 00:14:28]}
{[%emt 00:00:23]} Qb8 {[%clk 00:04:18]} {[%emt 00:01:51]} 26. Qc1 {[%clk
00:14:04]} {[%emt 00:00:54]} Qa7 {[%clk 00:04:08]} {[%emt 00:00:40]} 27. Ne3
{[%clk 00:11:51]} {[%emt 00:02:42]} Qa5 {[%clk 00:03:50]} {[%emt 00:00:49]} 28.
Rf1 {[%clk 00:07:43]} {[%emt 00:04:38]} Ne8 {[%clk 00:03:21]} {[%emt 00:00:58]}
29. Ng2 {[%clk 00:06:47]} {[%emt 00:01:26]} Nd6 {[%clk 00:02:42]} {[%emt
00:01:10]} 30. Qd1 {[%clk 00:04:54]} {[%emt 00:02:24]} Qb4 {[%clk 00:02:17]}
{[%emt 00:00:55]} 31. Bxh5 {[%clk 00:01:54]} {[%emt 00:03:29]} Nxc4 {[%clk
00:01:41]} {[%emt 00:01:07]} 32. Be2 {[%clk 00:01:58]} {[%emt 00:00:26]} Nb2
{[%clk 00:01:39]} {[%emt 00:00:32]} 33. Qc2 {[%clk 00:02:01]} {[%emt 00:00:27]}
c4 {[%clk 00:01:32]} {[%emt 00:00:38]} 34. h5 {[%clk 00:02:05]} {[%emt
00:00:25]} cxb3 {[%clk 00:01:21]} {[%emt 00:00:41]} 35. Qxb3 {[%clk 00:02:17]}
{[%emt 00:00:18]} Qd6 {[%clk 00:01:16]} {[%emt 00:00:35]} 36. hxg6 {[%clk
00:02:26]} {[%emt 00:00:21]} fxg6 {[%clk 00:01:38]} {[%emt 00:00:08]} 37. Bb5
{[%clk 00:02:16]} {[%emt 00:00:40]} Ra5 {[%clk 00:01:21]} {[%emt 00:00:48]} 38.
Rc1 {[%clk 00:01:26]} {[%emt 00:01:20]} Rf8 {[%clk 00:01:04]} {[%emt 00:00:46]}
39. Bxd7 {[%clk 00:01:42]} {[%emt 00:00:13]} Qxd7 {[%clk 00:01:29]} {[%emt
00:00:06]} 40. d6+ {[%clk 00:01:57]} {[%emt 00:00:15]} Kg7 {[%clk 00:00:43]}
{[%emt 00:01:17]} 41. Nd5 {[%clk 00:27:45]} {[%emt 00:04:42]} c5 {[%clk
00:18:23]} {[%emt 00:12:49]} 42. Nf6 {[%clk 00:24:37]} {[%emt 00:03:38]} Qxd6
{[%clk 00:15:23]} {[%emt 00:03:31]} 43. Rh1 {[%clk 00:24:34]} {[%emt 00:00:32]}
Rxf6 {[%clk 00:15:15]} {[%emt 00:00:39]} 44. gxf6+ {[%clk 00:24:59]} {[%emt
00:00:05]} Qxf6 {[%clk 00:15:41]} {[%emt 00:00:04]} 45. Rgh3 {[%clk 00:25:15]}
{[%emt 00:00:13]} c4 {[%clk 00:14:40]} {[%emt 00:01:32]} 46. Rh7+ {[%clk
00:25:24]} {[%emt 00:00:20]} Kg8 {[%clk 00:15:01]} {[%emt 00:00:04]} 47. Rxh8+
{[%clk 00:25:11]} {[%emt 00:00:47]} Kg7 {[%clk 00:15:18]} {[%emt 00:00:13]} 48.
R1h7# {[%emt 00:00:51]} 1-0